| 000 | 00380nam a2200169Ia 4500 | ||
|---|---|---|---|
| 003 | OSt | ||
| 005 | 20240503083401.0 | ||
| 008 | 230312s9999||||xx |||||||||||||| ||und|| | ||
| 020 | _a978-1-259-12089-3 | ||
| 040 | _bEnglish | ||
| 082 |
_a339 _bANT-P |
||
| 100 | _aAntonovics | ||
| 245 | 0 | _aPrinciples of microecnomics | |
| 300 | _a266 | ||
| 650 | _aManagement | ||
| 942 |
_cBK _2ddc |
||
| 999 |
_c14697 _d14697 |
||